Contribució geomorfològica a l' estudi dels espais supraforestals pirinencs. Gènesi, organització i dinàmica dels modelats glacials i periglacials de la Cerdanya i l' Alt Urgell / Antonio Gómez Ortiz
Descripción Física:
161 p. : amb map., 1 map. pleg. col. ; 24 cm
Materias:
Relleus glacials -- Catalunya
MARC
| LEADER | 00000nam a2200000Ia 4500 | ||
|---|---|---|---|
| 001 | 8089 | ||
| 008 | 160829s1987 xx 000 0 cat d | ||
| 080 | |a C-2-13 | ||
| 100 | |a Gómez Ortiz, Antonio |9 20581 | ||
| 245 | |a Contribució geomorfològica a l' estudi dels espais supraforestals pirinencs. Gènesi, organització i dinàmica dels modelats glacials i periglacials de la Cerdanya i l' Alt Urgell / Antonio Gómez Ortiz | ||
| 260 | |a Barcelona : |b Institut Cartogràfic de Catalunya, |c 1987 | ||
| 300 | |a 161 p. : |b amb map., 1 map. pleg. col. ; |c 24 cm | ||
| 590 | |a Tesi doctoral. Universitat de Barcelona, 1980 | ||
| 650 | |a Relleus glacials |x Catalunya |9 20582 | ||
| 710 | 2 | |a Institut Cartogràfic de Catalunya |9 53041 | |
| 901 | |a Arxiu | ||
| 942 | |n 1 | ||
| 952 | |0 0 |1 0 |4 0 |6 C213 |7 1 |9 41594 |a Arxiu |b Arxiu |d 2016-12-01 |l 0 |o C-2-13 |p 8089 |r 2016-12-01 00:00:00 |w 2016-12-01 |y ARXIU | ||
| 999 | |c 43484 |d 43484 | ||